| 000 | 00465nam a2200157 a 4500 | ||
|---|---|---|---|
| 001 | 000044272 | ||
| 005 | 20201002045247.0 | ||
| 008 | 140612s2005 dr a 000 0 spa d | ||
| 020 | _a9789993455868 | ||
| 040 |
_aDO-SdBNP _bspa _cBNPHU |
||
| 082 |
_axxxxx _bxxxxx |
||
| 100 | 1 |
_aLeón Miranda, Leonardo, de _972276 |
|
| 245 | 1 | 0 |
_aPrisionero en el mundo / _cLeonardo de León Miranda. |
| 260 |
_aSanto Domingo : _bCorripio, _c2005. |
||
| 300 |
_a314 p. : _bil. ; _c17 cm. |
||
| 999 |
_c43761 _d43761 |
||